000 00610cam a22002053a 4500
001 38740
003 PGUSA
005 20140828083844.0
008 120202s2012||||xxu|||||s|||||000 | eng d
040 _aPGUSA
_beng
042 _adc
100 1 _aCasseday, Ben
245 1 4 _aThe History of Louisville, from the Earliest Settlement till the Year 1852
_h[electronic resource] /
_cBen Casseday
260 _bProject Gutenberg,
_c2012
506 _aPublic domain in the USA.
516 _aElectronic text
830 0 _aProject Gutenberg
_v38740
856 4 0 _uhttp://www.gutenberg.org/ebooks/38740
942 _cEB
999 _c267994
_d267994